[Event "Paris Ch op C"]
[Site "Paris "]
[Date "2008.07.06"]
[Round "9.22"]
[White "Fouliard, Matthieu"]
[Black "Luond, Patrice"]
[Result "0-1"]
[WhiteElo "1330"]
[BlackElo "1499"]
[PlyCount "66"]
[EventDate "2008.06.28"]
[EventType "swiss"]
[EventRounds "9"]
[EventCountry "FRA"]
[WhiteTeamCountry "FRA"]
[BlackTeamCountry "FRA"]

1. e4 d6 2. d4 Nf6 3. Nc3 g6 4. Bg5 Bg7 5. Bc4 O-O 6. Qd3 Nc6 7. Nf3 Na5 8.
O-O-O Nxc4 9. Qxc4 Nxe4 10. Nxe4 d5 11. Qb4 dxe4 12. Bxe7 Qd7 13. Ne5 Qf5 14.
Bxf8 Bxf8 15. Qc3 Be6 16. Qxc7 Bxa2 17. Qxb7 Bh6+ 18. Rd2 Bxd2+ 19. Kxd2 Qxf2+
20. Kc1 Qe3+ 21. Kd1 Qxd4+ 22. Ke1 Qe3+ 23. Kd1 Rd8+ 24. Nd7 Qd4+ 25. Kc1 Rxd7
26. Qc8+ Kg7 27. Qc3 Qxc3 28. bxc3 Rb7 29. Kd2 Rb1 30. Rxb1 Bxb1 31. c4 f5 32.
c5 Kf7 33. c6 Ke7 0-1

[Event "Paris Ch op C"]
[Site "Paris "]
[Date "2008.07.06"]
[Round "9.23"]
[White "Timofeeva, Tatiana"]
[Black "Eden, Agnes"]
[Result "1/2-1/2"]
[WhiteElo "1499"]
[BlackElo "1290"]
[PlyCount "58"]
[EventDate "2008.06.28"]
[EventType "swiss"]
[EventRounds "9"]
[EventCountry "FRA"]
[WhiteTeamCountry "FRA"]
[BlackTeamCountry "FRA"]

1. e4 e5 2. Nf3 Nc6 3. Bc4 Bc5 4. c3 Nf6 5. d3 d6 6. O-O O-O 7. Re1 a6 8. d4
exd4 9. cxd4 Bb4 10. Bd2 Bg4 11. Bxb4 Nxb4 12. a3 b5 13. axb4 bxc4 14. Nbd2 Qb8
15. Qa4 Qb5 16. e5 Qxa4 17. Rxa4 Bd7 18. Ra5 Nh5 19. Nxc4 Bb5 20. exd6 Bxc4 21.
Rxh5 cxd6 22. Ng5 Rfe8 23. Rxe8+ Rxe8 24. h3 Re1+ 25. Kh2 h6 26. Nf3 Re2 27.
Nh4 Rxf2 28. Rf5 Rxf5 29. Nxf5 d5 1/2-1/2

[Event "Paris Ch op C"]
[Site "Paris "]
[Date "2008.07.06"]
[Round "9.24"]
[White "Paillet, Raymond"]
[Black "Jacquet, Dominique"]
[Result "0-1"]
[WhiteElo "1320"]
[BlackElo "1480"]
[PlyCount "64"]
[EventDate "2008.06.28"]
[EventType "swiss"]
[EventRounds "9"]
[EventCountry "FRA"]
[WhiteTeamCountry "FRA"]
[BlackTeamCountry "FRA"]

1. e4 e6 2. d4 d5 3. e5 c5 4. c3 Nc6 5. Nf3 Qb6 6. c4 cxd4 7. cxd5 exd5 8. a3
a5 9. Nbd2 Nge7 10. Nb3 Ng6 11. Nbxd4 Bc5 12. Qd2 Nxd4 13. Nxd4 Bxd4 14. Qe2
O-O 15. g3 Nxe5 16. Bg2 Re8 17. O-O Bg4 18. Qd2 Qc5 19. Kh1 Bf3 20. Qf4 Bxg2+
21. Kxg2 Nd3 22. Qf5 Nxf2 23. Rxf2 Bxf2 24. Qxf2 Qxf2+ 25. Kxf2 Rad8 26. Bd2 b6
27. a4 g6 28. Rd1 d4 29. b4 axb4 30. Bxb4 Re5 31. Bc3 Re4 32. Kf3 Re3+ 0-1

[Event "Paris Ch op C"]
[Site "Paris "]
[Date "2008.07.06"]
[Round "9.25"]
[White "Fraval, Julie"]
[Black "Roux, Jean-Marie"]
[Result "1-0"]
[WhiteElo "1320"]
[BlackElo "1470"]
[PlyCount "93"]
[EventDate "2008.06.28"]
[EventType "swiss"]
[EventRounds "9"]
[EventCountry "FRA"]
[WhiteTeamCountry "FRA"]
[BlackTeamCountry "FRA"]

1. e4 e5 2. d4 exd4 3. Qxd4 Nc6 4. Qe3 Nf6 5. Nc3 Be7 6. Bd2 d6 7. Nf3 Be6 8.
O-O-O O-O 9. g4 Nxg4 10. Qe2 Bf6 11. h3 Nge5 12. Rg1 Kh8 13. Nxe5 Nxe5 14. f4
Nd7 15. f5 Bxc3 16. Bxc3 Rg8 17. fxe6 fxe6 18. e5 d5 19. Rd4 c5 20. Rf4 Qe7 21.
Qg2 b6 22. Rg4 d4 23. Bd2 Nxe5 24. Rg3 Raf8 25. Bh6 Ng6 26. Bg5 Qf7 27. Bd3 Nf4
28. Bxf4 Qxf4+ 29. Kd1 Qh6 30. Rf3 Rxf3 31. Qxf3 a5 32. Rf1 a4 33. Bc4 Qg6 34.
Bd3 Qh6 35. Bc4 Qg6 36. Re1 Re8 37. Qg4 Qxg4+ 38. hxg4 e5 39. Kd2 g5 40. Kd3
Kg7 41. Ke4 Kf6 42. Rf1+ Kg7 43. Kf5 Rf8+ 44. Kxg5 Rb8 45. Rf7+ Kh8 46. Kh6 b5
47. Rxh7# 1-0

[Event "Paris Ch op C"]
[Site "Paris "]
[Date "2008.07.06"]
[Round "9.26"]
[White "Caille, Hugo"]
[Black "Lefort, Sophie"]
[Result "1-0"]
[WhiteElo "1390"]
[BlackElo "1199"]
[PlyCount "61"]
[EventDate "2008.06.28"]
[EventType "swiss"]
[EventRounds "9"]
[EventCountry "FRA"]
[WhiteTeamCountry "FRA"]
[BlackTeamCountry "FRA"]

1. e4 e5 2. Nf3 Nc6 3. Bc4 Nf6 4. Ng5 d5 5. exd5 Nxd5 6. Nxf7 Kxf7 7. Qf3+ Ke8
8. Bxd5 Qd7 9. Bxc6 Qxc6 10. Qh5+ Kd8 11. O-O Qd5 12. Nc3 Qe6 13. Re1 Bd6 14.
d4 Rf8 15. dxe5 Bc5 16. Be3 Bxe3 17. Rxe3 g6 18. Qxh7 b6 19. Rd1+ Ke8 20. Qxc7
Bd7 21. Red3 Rd8 22. Qxa7 Qf5 23. f3 Rh8 24. g4 Qf4 25. R1d2 Ke7 26. Rxd7+ Rxd7
27. Qxd7+ Kf8 28. Qd8+ Kg7 29. Rd7+ Kh6 30. Qxh8+ Kg5 31. h4# 1-0

[Event "Paris Ch op C"]
[Site "Paris "]
[Date "2008.07.06"]
[Round "9.27"]
[White "Guillaume, Gerard"]
[Black "Savadoux, Valentin"]
[Result "1-0"]
[WhiteElo "1390"]
[BlackElo "1140"]
[PlyCount "59"]
[EventDate "2008.06.28"]
[EventType "swiss"]
[EventRounds "9"]
[EventCountry "FRA"]
[WhiteTeamCountry "FRA"]
[BlackTeamCountry "FRA"]

1. e4 d6 2. d4 Nf6 3. Nc3 g6 4. Nf3 Bg7 5. Be2 O-O 6. O-O Nbd7 7. h3 c6 8. Be3
e5 9. dxe5 dxe5 10. Rb1 Qa5 11. b4 Qa3 12. Rb3 Qxb3 13. axb3 a5 14. Qa1 b6 15.
bxa5 Rxa5 16. Qb2 b5 17. Ra1 Rxa1+ 18. Qxa1 Bb7 19. b4 Ra8 20. Qc1 Ra6 21. g3
Bf8 22. Qb2 c5 23. bxc5 Bxc5 24. Bxc5 Nxc5 25. Qxb5 Ra1+ 26. Kh2 Ncxe4 27. Nxe4
Bxe4 28. Qb8+ Kg7 29. Qxe5 Bxc2 30. Qxa1 1-0

[Event "Paris Ch op C"]
[Site "Paris "]
[Date "2008.07.06"]
[Round "9.28"]
[White "Laroui, Idriss"]
[Black "Combet, Pierre"]
[Result "1-0"]
[WhiteElo "1200"]
[BlackElo "1370"]
[PlyCount "75"]
[EventDate "2008.06.28"]
[EventType "swiss"]
[EventRounds "9"]
[EventCountry "FRA"]
[WhiteTeamCountry "FRA"]
[BlackTeamCountry "FRA"]

1. d4 Nf6 2. c4 c5 3. e3 e6 4. Nc3 cxd4 5. exd4 d5 6. cxd5 Nxd5 7. Nf3 Bb4 8.
Bd2 Qa5 9. Qc2 O-O 10. a3 Bxc3 11. Bxc3 Qb6 12. Bd3 f5 13. O-O Nd7 14. Rfe1
N7f6 15. h3 Bd7 16. Ne5 Bb5 17. Bxb5 Qxb5 18. Qe2 Qe8 19. Bd2 Ne4 20. Be3 Nxe3
21. Qxe3 Qh5 22. Qf3 Qh4 23. Rad1 g5 24. Nd7 Rf7 25. Nc5 g4 26. Qf4 Rg7 27.
Nxe6 Rg6 28. Nc5 Qh5 29. Nxe4 gxh3 30. Ng3 h2+ 31. Kh1 Qg4 32. Qxg4 fxg4 33.
Kxh2 Rf8 34. Re2 Rh6+ 35. Kg1 Rh4 36. d5 Rf6 37. d6 Rfh6 38. d7 1-0

[Event "Paris Ch op C"]
[Site "Paris "]
[Date "2008.07.06"]
[Round "9.29"]
[White "Allaf, Alice"]
[Black "Etienne, Yannick"]
[Result "1-0"]
[WhiteElo "1499"]
[BlackElo "1190"]
[PlyCount "53"]
[EventDate "2008.06.28"]
[EventType "swiss"]
[EventRounds "9"]
[EventCountry "FRA"]
[WhiteTeamCountry "FRA"]
[BlackTeamCountry "FRA"]

1. e4 d6 2. d4 Nf6 3. Nc3 g6 4. Nf3 Bg7 5. Bd3 O-O 6. O-O c6 7. Bg5 Nbd7 8. Ne2
c5 9. c3 Nb6 10. b3 Bg4 11. Ne1 cxd4 12. f3 Bd7 13. cxd4 Rc8 14. Qd2 Re8 15.
Bh6 Bh8 16. f4 Ng4 17. f5 Nxh6 18. Qxh6 Bg7 19. Qh3 f6 20. Nf4 gxf5 21. Qg3
fxe4 22. Nh5 Kf7 23. Qxg7+ Ke6 24. Nf4+ Kf5 25. Qxh7+ Kg5 26. Qg6+ Kh4 27. g3#
1-0

[Event "Paris Ch op C"]
[Site "Paris "]
[Date "2008.07.06"]
[Round "9.30"]
[White "Maury, Anette"]
[Black "Boudia, Rayan"]
[Result "1-0"]
[WhiteElo "1320"]
[BlackElo "1430"]
[PlyCount "97"]
[EventDate "2008.06.28"]
[EventType "swiss"]
[EventRounds "9"]
[EventCountry "FRA"]
[WhiteTeamCountry "FRA"]
[BlackTeamCountry "FRA"]

1. e4 d6 2. d4 g6 3. Nf3 Bg7 4. Nc3 Nf6 5. Be3 O-O 6. h3 Nbd7 7. Qd2 c5 8.
O-O-O Rb8 9. Bh6 b6 10. Bxg7 Kxg7 11. e5 Ne8 12. Bc4 a6 13. a4 cxd4 14. Qxd4
Nc5 15. exd6+ Nf6 16. dxe7 Qxe7 17. Nd5 Qd6 18. Rhe1 Be6 19. Qxf6+ Kg8 20. Ne7+
Qxe7 21. Qxe7 Bxc4 22. b3 Be6 23. Ng5 Rbc8 24. Nxe6 fxe6 25. Re3 Rxf2 26. Rd8+
Rxd8 27. Qxd8+ Kg7 28. Qd4+ Kg8 29. Rxe6 Rf1+ 30. Kb2 Nxe6 31. Qc4 Rf6 32. Qc8+
Kg7 33. Qxa6 Nc5 34. Qa7+ Kh6 35. Qe7 Rf2 36. Qe3+ Rf4 37. Qxf4+ Kg7 38. Qc7+
Kh6 39. Qxb6 Nd7 40. Qe3+ Kg7 41. a5 Nb8 42. Qe5+ Kh6 43. Qxb8 Kg7 44. a6 Kh6
45. a7 Kg7 46. a8=Q Kh6 47. Qf4+ Kg7 48. Qa7+ Kh8 49. Qf8# 1-0

[Event "Paris Ch op C"]
[Site "Paris "]
[Date "2008.07.06"]
[Round "9.31"]
[White "Bouiller, Andre"]
[Black "Fouliard, Marc"]
[Result "1-0"]
[WhiteElo "1310"]
[BlackElo "1430"]
[PlyCount "69"]
[EventDate "2008.06.28"]
[EventType "swiss"]
[EventRounds "9"]
[EventCountry "FRA"]
[WhiteTeamCountry "FRA"]
[BlackTeamCountry "FRA"]

1. e4 e5 2. Nf3 Nf6 3. Bc4 d5 4. exd5 Bd6 5. h3 O-O 6. Nc3 c6 7. d3 Bb4 8. Bd2
Bxc3 9. Bxc3 cxd5 10. Bb3 e4 11. dxe4 dxe4 12. Qxd8 Rxd8 13. Bxf6 gxf6 14. Nd2
f5 15. O-O-O Be6 16. Bxe6 fxe6 17. Nc4 Rxd1+ 18. Rxd1 Nc6 19. a3 Re8 20. Rd7
Re7 21. Rxe7 Nxe7 22. Nd6 b6 23. Nb5 Nc6 24. c3 Kg7 25. g3 Kg6 26. Kd2 h5 27.
Nd4 Nxd4 28. cxd4 h4 29. Ke3 hxg3 30. fxg3 Kg5 31. b4 b5 32. Kf2 f4 33. gxf4+
Kxf4 34. h4 e5 35. d5 1-0

[Event "Paris Ch op C"]
[Site "Paris "]
[Date "2008.07.06"]
[Round "9.32"]
[White "Sommier, Patrick"]
[Black "Bouriot, Florence"]
[Result "0-1"]
[WhiteElo "1390"]
[BlackElo "1280"]
[PlyCount "54"]
[EventDate "2008.06.28"]
[EventType "swiss"]
[EventRounds "9"]
[EventCountry "FRA"]
[WhiteTeamCountry "FRA"]
[BlackTeamCountry "FRA"]

1. e4 d6 2. Nf3 Nc6 3. Nc3 Nf6 4. d4 e6 5. Be2 Be7 6. O-O O-O 7. a3 e5 8. d5
Nb8 9. b4 b6 10. b5 a6 11. Re1 axb5 12. Bxb5 Ba6 13. Be3 Bxb5 14. Nxb5 Ra5 15.
Nc3 Nbd7 16. Bd2 Nc5 17. Nh4 g6 18. Nf3 Qd7 19. Re2 Rfa8 20. Nb1 Ncxe4 21. Bxa5
Rxa5 22. c4 Qa4 23. Qxa4 Rxa4 24. Nbd2 Nc5 25. Ne1 Nfd7 26. f4 f5 27. Re3 Bf6
0-1

[Event "Paris Ch op C"]
[Site "Paris "]
[Date "2008.07.06"]
[Round "9.33"]
[White "Dupont, Jean-Louis"]
[Black "Banat, Rizlene"]
[Result "0-1"]
[WhiteElo "1280"]
[BlackElo "1360"]
[PlyCount "106"]
[EventDate "2008.06.28"]
[EventType "swiss"]
[EventRounds "9"]
[EventCountry "FRA"]
[WhiteTeamCountry "FRA"]
[BlackTeamCountry "FRA"]

1. e4 c5 2. Nf3 d6 3. Bc4 Nf6 4. Nc3 g6 5. Ng5 e6 6. d4 cxd4 7. Qxd4 Bg7 8. Qd3
O-O 9. Qh3 e5 10. Qg3 Nh5 11. Qd3 Nf4 12. Qg3 Bf6 13. Bxf4 exf4 14. Qxf4 Bxg5
15. Qf3 Nc6 16. Qd3 Ne5 17. Qe2 Nxc4 18. Qxc4 Qf6 19. g3 Qf3 20. Rg1 Re8 21.
Qd5 Bf5 22. Kf1 Bh3+ 23. Ke1 Be3 24. Nd1 Rxe4 25. Qd3 Bc1+ 26. Ne3 Rxe3+ 27.
fxe3 Bxe3 28. Qe2 Qxe2+ 29. Kxe2 Bxg1 30. Rxg1 Re8+ 31. Kd3 Bf5+ 32. Kd2 Bg4
33. Rg2 Kg7 34. Kd3 Rc8 35. Kd4 Bf5 36. c3 Be6 37. b3 a5 38. c4 a4 39. Rc2 axb3
40. axb3 b5 41. Rc3 bxc4 42. bxc4 Rxc4+ 43. Rxc4 Bxc4 44. Kxc4 Kf6 45. Kd5 Ke7
46. h4 f5 47. Kd4 Ke6 48. Ke3 Kd5 49. Kf4 Kc4 50. h5 gxh5 51. Kxf5 d5 52. Kf4
d4 53. Kf3 Kc3 0-1

[Event "Paris Ch op C"]
[Site "Paris "]
[Date "2008.07.06"]
[Round "9.34"]
[White "Cordier, Daniel"]
[Black "Nadarajah, Phanujah"]
[Result "0-1"]
[WhiteElo "1460"]
[BlackElo "1160"]
[PlyCount "80"]
[EventDate "2008.06.28"]
[EventType "swiss"]
[EventRounds "9"]
[EventCountry "FRA"]
[WhiteTeamCountry "FRA"]
[BlackTeamCountry "FRA"]

1. e4 e5 2. Nf3 Nc6 3. d4 d6 4. Bc4 Nf6 5. Ng5 d5 6. exd5 Nxd5 7. Nxf7 Kxf7 8.
Qf3+ Ke6 9. Nc3 Bb4 10. Kd1 Bxc3 11. bxc3 Rf8 12. Qe2 Ke7 13. dxe5 Nxc3+ 14.
Ke1 Nxe2 15. Bg5+ Kd7 16. Bxd8 Rxd8 17. e6+ Ke7 18. Kxe2 Bxe6 19. Bxe6 Kxe6 20.
Rhe1 Kf7 21. Kf1 Nd4 22. Re3 Nxc2 23. Rf3+ Kg8 24. Rc1 Rd2 25. Rc3 c6 26. R1xc2
Rxc2 27. Rxc2 Rc8 28. f4 a5 29. a4 Rf8 30. g3 b5 31. axb5 cxb5 32. Rc5 Rb8 33.
Kg2 a4 34. h4 b4 35. Rg5 b3 36. f5 Rb6 37. g4 b2 38. h5 b1=Q 39. f6 Rxf6 40.
Rf5 Rxf5 0-1

[Event "Paris Ch op C"]
[Site "Paris "]
[Date "2008.07.06"]
[Round "9.35"]
[White "Zeitoun, David"]
[Black "Commercon, Joachim"]
[Result "1-0"]
[WhiteElo "1330"]
[BlackElo "1450"]
[PlyCount "79"]
[EventDate "2008.06.28"]
[EventType "swiss"]
[EventRounds "9"]
[EventCountry "FRA"]
[WhiteTeamCountry "FRA"]
[BlackTeamCountry "FRA"]

1. e4 e5 2. Nf3 Nf6 3. Nc3 Nc6 4. Bc4 Bc5 5. d3 h6 6. O-O d6 7. h3 O-O 8. Re1
Na5 9. b3 Nxc4 10. bxc4 a6 11. Bb2 Re8 12. d4 exd4 13. Nxd4 b6 14. Bc1 Bb7 15.
f3 Qd7 16. Bf4 Bb4 17. Qd3 Nh5 18. Bd2 c5 19. Nb3 Rad8 20. a3 Bxc3 21. Bxc3 Nf4
22. Qe3 Ne6 23. Rad1 Re7 24. e5 Ng5 25. Rxd6 Qc7 26. Rxd8+ Qxd8 27. f4 Nh7 28.
Qe2 f6 29. Rd1 Qe8 30. Nd2 fxe5 31. fxe5 Nf6 32. Nf3 Nd7 33. Re1 Bxf3 34. gxf3
Nxe5 35. Bxe5 Qg6+ 36. Qg2 Qxg2+ 37. Kxg2 Kf7 38. f4 b5 39. cxb5 axb5 40. Rb1
1-0

[Event "Paris Ch op C"]
[Site "Paris "]
[Date "2008.07.06"]
[Round "9.36"]
[White "Le Cour, Hugo"]
[Black "Dean, Pietro"]
[Result "0-1"]
[WhiteElo "1130"]
[BlackElo "1440"]
[PlyCount "54"]
[EventDate "2008.06.28"]
[EventType "swiss"]
[EventRounds "9"]
[EventCountry "FRA"]
[WhiteTeamCountry "FRA"]
[BlackTeamCountry "FRA"]

1. d4 Nf6 2. c4 e6 3. Nc3 Bb4 4. Bd2 O-O 5. Nf3 b6 6. a3 Be7 7. e4 d6 8. Be2
Bb7 9. Bd3 Nbd7 10. O-O c5 11. d5 e5 12. Re1 Re8 13. Bg5 h6 14. Be3 Nf8 15. Nd2
Bc8 16. h3 Ng6 17. Nf3 Nh5 18. Qd2 Nhf4 19. Bxf4 Nxf4 20. Bc2 Bh4 21. g3 Qf6
22. gxf4 Qg6+ 23. Kh1 Bxh3 24. Rg1 Bg4 25. Bd1 Qh5 26. Nxh4 Qxh4+ 27. Kg2 Qh3#
0-1

[Event "Paris Ch op C"]
[Site "Paris "]
[Date "2008.07.06"]
[Round "9.37"]
[White "Minot, Barbara"]
[Black "Moisset, Lola"]
[Result "0-1"]
[WhiteElo "1400"]
[BlackElo "1280"]
[PlyCount "148"]
[EventDate "2008.06.28"]
[EventType "swiss"]
[EventRounds "9"]
[EventCountry "FRA"]
[WhiteTeamCountry "FRA"]
[BlackTeamCountry "FRA"]

1. f4 d5 2. Nf3 Nf6 3. e3 Nc6 4. Bb5 Bd7 5. O-O a6 6. Bxc6 Bxc6 7. d3 e6 8. b3
d4 9. exd4 Bxf3 10. Qxf3 Qxd4+ 11. Be3 Qxa1 12. c3 Qxa2 13. Qxb7 Rd8 14. Qc6+
Nd7 15. Nd2 Bd6 16. Rf2 O-O 17. b4 Qd5 18. Qxa6 Ra8 19. Qc4 Ra1+ 20. Nf1 Rd1
21. Qxd5 exd5 22. d4 Nb6 23. g3 Nc4 24. Kg2 Nxe3+ 25. Nxe3 Rc1 26. Nxd5 c6 27.
Nb6 Rxc3 28. d5 c5 29. b5 Rb3 30. Nc4 Rd8 31. b6 Bb8 32. Re2 h6 33. Kh3 Kh7 34.
Re7 Bxf4 35. d6 Bxd6 36. Rxf7 Rc3 37. Nxd6 Rxd6 38. b7 Rd8 39. Rc7 Rb8 40. Kg4
Ra3 41. Rxc5 Rxb7 42. h4 Rb4+ 43. Kh3 Kg6 44. h5+ Kf6 45. Rc6+ Ke5 46. Rg6 Rb7
47. Rc6 Kf5 48. Rc5+ Kf6 49. Rc6+ Ke5 50. Rc5+ Ke4 51. Rc4+ Kf3 52. Rf4+ Ke2
53. Re4+ Kd2 54. Rd4+ Rd3 55. Rf4 Rbb3 56. Rf2+ Kc1 57. Rf1+ Rd1 58. Rf7 Rh1+
59. Kg4 Rb4+ 60. Rf4 Rxf4+ 61. Kxf4 Rxh5 62. g4 Rh4 63. Kg3 g5 64. Kf3 Rh3+ 65.
Kg2 Re3 66. Kh2 Kd2 67. Kg2 Ke2 68. Kh1 Kf3 69. Kh2 Kxg4 70. Kg2 Re2+ 71. Kf1
Kf3 72. Kg1 Rf2 73. Kh1 Kg3 74. Kg1 Rf3 0-1

[Event "Paris Ch op C"]
[Site "Paris "]
[Date "2008.07.06"]
[Round "9.38"]
[White "Azouni, Anais"]
[Black "Zeitoun, Maxime"]
[Result "0-1"]
[WhiteElo "1250"]
[BlackElo "1400"]
[PlyCount "52"]
[EventDate "2008.06.28"]
[EventType "swiss"]
[EventRounds "9"]
[EventCountry "FRA"]
[WhiteTeamCountry "FRA"]
[BlackTeamCountry "FRA"]

1. e4 c6 2. c4 d5 3. cxd5 cxd5 4. Nc3 dxe4 5. Nxe4 Nc6 6. Bb5 Bd7 7. Nc5 Qc7 8.
Qb3 Nf6 9. Nf3 e6 10. O-O Bxc5 11. d4 Be7 12. Qc2 O-O 13. Ne5 Rac8 14. Nxc6
Bxc6 15. Bd3 Rfd8 16. Bg5 h6 17. Be3 Ng4 18. g3 Bh4 19. Bf4 Qe7 20. gxh4 Qxh4
21. Be2 Rxd4 22. Bg3 Qh3 23. Bf3 Bxf3 24. Qxc8+ Kh7 25. Qc2+ g6 26. Qc7 Qg2#
0-1

[Event "Paris Ch op C"]
[Site "Paris "]
[Date "2008.07.06"]
[Round "9.39"]
[White "Sampaio, Victor"]
[Black "Dautricourt, Olivier"]
[Result "1-0"]
[WhiteElo "1350"]
[BlackElo "1199"]
[PlyCount "123"]
[EventDate "2008.06.28"]
[EventType "swiss"]
[EventRounds "9"]
[EventCountry "FRA"]
[WhiteTeamCountry "FRA"]
[BlackTeamCountry "FRA"]

1. d4 Nf6 2. Nc3 g6 3. Nf3 Bg7 4. g3 O-O 5. Bg2 Nc6 6. O-O b6 7. Ne5 Bb7 8. Bg5
d5 9. Bxf6 Bxf6 10. Nxc6 Bxc6 11. e3 e6 12. Ne2 Qd6 13. c3 Bb5 14. Re1 Qc6 15.
Nf4 Rad8 16. a4 Ba6 17. Ra2 b5 18. axb5 Qxb5 19. Qa1 Bb7 20. Rxa7 Ra8 21. Rxa8
Rxa8 22. Qc1 c5 23. Ne2 c4 24. Nf4 e5 25. dxe5 Bxe5 26. Ne2 Rd8 27. Nd4 Qb6 28.
Qc2 Re8 29. Re2 Bxd4 30. exd4 Rxe2 31. Qxe2 Bc6 32. Qg4 Qxb2 33. Qc8+ Kg7 34.
Qxc6 Qc1+ 35. Bf1 Qxc3 36. Qxd5 Qc1 37. Qxc4 Qb1 38. d5 Qb6 39. Qc6 Qd8 40. d6
Kf8 41. d7 Ke7 42. Bb5 Qb8 43. Qe4+ Kd8 44. Qe8+ Kc7 45. Qxb8+ Kxb8 46. d8=Q+
Ka7 47. Qd7+ Kb6 48. Bc4 Kc5 49. Qxf7 h5 50. Be6 Kd4 51. Qxg6 h4 52. Qe8 hxg3
53. fxg3 Kc5 54. Qd7 Kb4 55. Qc6 Ka3 56. Kf2 Kb4 57. Bg4 Kb3 58. Ke2 Kb4 59.
Kd3 Kb3 60. Qb5+ Ka3 61. Kc2 Ka2 62. Qb2# 1-0

[Event "Paris Ch op C"]
[Site "Paris "]
[Date "2008.07.06"]
[Round "9.41"]
[White "Coadou, Alain"]
[Black "Marchal, Quentin"]
[Result "1-0"]
[WhiteElo "1210"]
[BlackElo "1130"]
[PlyCount "65"]
[EventDate "2008.06.28"]
[EventType "swiss"]
[EventRounds "9"]
[EventCountry "FRA"]
[WhiteTeamCountry "FRA"]
[BlackTeamCountry "FRA"]

1. c4 e5 2. g3 Nf6 3. Bg2 Bc5 4. e3 Nc6 5. a3 O-O 6. Nc3 d6 7. Nge2 Bd7 8. Qc2
Qe7 9. O-O Rfe8 10. h3 Rad8 11. Rb1 a5 12. d3 Bf5 13. e4 Bg6 14. Kh2 Nd4 15.
Nxd4 exd4 16. Na2 Qe6 17. Bd2 Bb6 18. b4 axb4 19. Rxb4 Rb8 20. Nc1 Ba5 21. Rb2
Bxd2 22. Qxd2 b6 23. Ne2 c5 24. f4 Qe7 25. f5 Bh5 26. g4 Qe5+ 27. Qf4 Qxf4+ 28.
Nxf4 Bxg4 29. hxg4 Nxg4+ 30. Kg3 Ne3 31. Rfb1 g5 32. Nh5 Nxg2 33. Nf6+ 1-0

[Event "Paris Ch op C"]
[Site "Paris "]
[Date "2008.07.06"]
[Round "9.42"]
[White "Le Cour, Valentin"]
[Black "Papazian, Arlette"]
[Result "1-0"]
[WhiteElo "1020"]
[BlackElo "1499"]
[PlyCount "53"]
[EventDate "2008.06.28"]
[EventType "swiss"]
[EventRounds "9"]
[EventCountry "FRA"]
[WhiteTeamCountry "FRA"]
[BlackTeamCountry "FRA"]

1. e4 c5 2. c4 e6 3. Nf3 Nf6 4. Nc3 Bd6 5. Bd3 O-O 6. O-O b6 7. b3 Bb7 8. Ba3
Be7 9. e5 Nh5 10. Nb5 Nf4 11. Rc1 Nxd3 12. Rc3 Nf4 13. d4 Qc8 14. dxc5 bxc5 15.
Rd3 Bxf3 16. gxf3 Nxd3 17. Qxd3 d6 18. exd6 Bd8 19. Qe4 Nc6 20. Qg4 g6 21. Qh3
a6 22. Nc3 Qd7 23. Ne4 Nd4 24. Rd1 Nc2 25. Bb2 Nb4 26. Qh6 Re8 27. Qg7# 1-0

[Event "Paris Ch op C"]
[Site "Paris "]
[Date "2008.07.06"]
[Round "9.43"]
[White "Lachkar, Dan"]
[Black "Olivier, Camille"]
[Result "1-0"]
[WhiteElo "1120"]
[BlackElo "1260"]
[PlyCount "123"]
[EventDate "2008.06.28"]
[EventType "swiss"]
[EventRounds "9"]
[EventCountry "FRA"]
[WhiteTeamCountry "FRA"]
[BlackTeamCountry "FRA"]

1. e4 e6 2. Nf3 d5 3. e5 f6 4. exf6 Nxf6 5. Nc3 Bd7 6. d4 Bb4 7. a3 Bxc3+ 8.
bxc3 Nc6 9. Bg5 O-O 10. Bd3 Qe8 11. O-O Ne4 12. Qe2 Nxc3 13. Qe1 Ne4 14. Bxe4
dxe4 15. Qxe4 h6 16. Bf4 Rc8 17. d5 exd5 18. Qxd5+ Be6 19. Qe4 Bf5 20. Qc4+ Qf7
21. Qc3 Bxc2 22. Qxc2 Qxf4 23. Qb3+ Qf7 24. Qxb7 Qf6 25. Rac1 Ne5 26. Nd2 Nd3
27. Qb3+ Qf7 28. Qxd3 Rcd8 29. Qe2 Rfe8 30. Qd1 Qd5 31. Rc2 Rd7 32. Re1 Red8
33. Re2 Qa5 34. Ra2 c6 35. Qe1 Qc5 36. Re8+ Kh7 37. Rxd8 Rxd8 38. h3 Qd5 39.
Qe4+ Qxe4 40. Nxe4 Rd1+ 41. Kh2 Rd4 42. Ng3 c5 43. Ne2 Rd5 44. Rc2 g5 45. f4
Rd3 46. Rxc5 Rxa3 47. fxg5 hxg5 48. Rxg5 Ra2 49. Nc3 Rc2 50. Nb5 a6 51. Nd4 Rc4
52. Nb3 Kh6 53. Ra5 Rb4 54. Nc5 Rb5 55. Rxb5 axb5 56. Nb3 Kg6 57. Kg3 Kf5 58.
h4 Ke5 59. h5 Kd5 60. h6 Kc4 61. h7 Kxb3 62. h8=Q 1-0

[Event "Paris Ch op C"]
[Site "Paris "]
[Date "2008.07.06"]
[Round "9.44"]
[White "Sancey, Frederic"]
[Black "Su, Sylvie"]
[Result "1-0"]
[WhiteElo "1070"]
[BlackElo "1199"]
[PlyCount "67"]
[EventDate "2008.06.28"]
[EventType "swiss"]
[EventRounds "9"]
[EventCountry "FRA"]
[WhiteTeamCountry "FRA"]
[BlackTeamCountry "FRA"]

1. d4 d5 2. c4 e6 3. Nc3 Nf6 4. e3 Bb4 5. Bd3 dxc4 6. Bxc4 Nc6 7. Nf3 e5 8. a3
Be7 9. d5 Na5 10. Bb5+ c6 11. Bd3 O-O 12. O-O cxd5 13. Nxe5 Bg4 14. Qc2 Be6 15.
Re1 Rc8 16. Qd2 Nb3 17. Qe2 Nxa1 18. Bd2 d4 19. Rxa1 dxc3 20. bxc3 Qd5 21. f4
Bd6 22. c4 Qc5 23. Rc1 Bxe5 24. fxe5 Qxe5 25. Qf2 Ng4 26. Qh4 h6 27. Rf1 Qb2
28. Be1 Qxa3 29. h3 Nxe3 30. Rf3 Qxd3 31. Qg3 Bf5 32. Rxe3 Qd4 33. Bc3 Qc5 34.
Qxg7# 1-0

[Event "Paris Ch op C"]
[Site "Paris "]
[Date "2008.07.06"]
[Round "9.45"]
[White "Banat, Ryan"]
[Black "Clement, Charlene"]
[Result "1-0"]
[WhiteElo "1020"]
[BlackElo "1130"]
[PlyCount "55"]
[EventDate "2008.06.28"]
[EventType "swiss"]
[EventRounds "9"]
[EventCountry "FRA"]
[WhiteTeamCountry "FRA"]
[BlackTeamCountry "FRA"]

1. e3 e5 2. e4 Nf6 3. Nc3 d5 4. d4 exd4 5. exd5 Qe7+ 6. Nce2 c6 7. dxc6 bxc6 8.
Nf3 c5 9. g3 Qb7 10. Bg2 Bd7 11. O-O Bc6 12. Nf4 Bb5 13. Re1+ Be7 14. Nxd4 cxd4
15. Bxb7 Bc6 16. Bxa8 Bxa8 17. Qxd4 Nc6 18. Qa4 O-O 19. Rd1 Bb4 20. Nd5 Nxd5
21. Rxd5 Ne7 22. Rd3 Nc6 23. Bd2 Ba5 24. Bxa5 Nxa5 25. Qxa5 Rc8 26. Rc3 Rf8 27.
Qc5 Bb7 28. Qxa7 1-0

[Event "Paris Ch op C"]
[Site "Paris "]
[Date "2008.07.06"]
[Round "9.46"]
[White "Vallipuram, Tarujan"]
[Black "Banat, Samy"]
[Result "1-0"]
[WhiteElo "1280"]
[BlackElo "1010"]
[PlyCount "73"]
[EventDate "2008.06.28"]
[EventType "swiss"]
[EventRounds "9"]
[EventCountry "FRA"]
[WhiteTeamCountry "FRA"]
[BlackTeamCountry "FRA"]

1. e4 e5 2. Nf3 Nc6 3. Bc4 Nh6 4. d3 Qf6 5. Bg5 Bb4+ 6. c3 Qd6 7. O-O Ng4 8.
Qe1 Qc5 9. d4 exd4 10. e5 dxc3 11. bxc3 Bxc3 12. Qxc3 Ncxe5 13. Nxe5 d6 14.
Nxg4 Bxg4 15. Qxg7 Kd7 16. Qxf7+ Kc6 17. Be3 Qa5 18. Qf4 Rhg8 19. h3 Raf8 20.
Qe4+ Kd7 21. Qxb7 Rb8 22. Qe4 Rbe8 23. Qxh7+ Kd8 24. Qh4+ Kc8 25. hxg4 Re5 26.
g5 Rgxg5 27. Bxg5 Rxg5 28. Qh8+ Kb7 29. Nc3 Qf5 30. g3 c6 31. Rad1 Qg4 32. Qh7+
Kb6 33. Rd3 d5 34. Na4+ Ka5 35. Qxa7+ Kb4 36. Rb3+ Kxc4 37. Qc5# 1-0